Fidel Castro /

Guardado en:
Autor Corporativo: Mundo Ole.
Formato: Deslizar
Materias:
Etiquetas: Agregar Etiqueta
Sin Etiquetas, Sea el primero en etiquetar este registro!
LEADER 00926ngm a22002415g 4500
001 CEM.cems022523
008 130507b2000##################0###0#####d
005 20241106135628.0
245 1 0 |a Fidel Castro /  |c Mundo Ole. 
300 |a 45'. 
500 |a En soporte VHS, consultar en ventanilla. 
505 0 |a Vida de Fidel: estudios y abogacía. Política estudiantil. Contra Batista. Ataque al cuartel de Moncada. Lucha clandestina. Caída de Batista. Alianza con la URRS. "Bahía de Cochinos". Crisis de los misiles. Embargo y deterioro. 
538 |a Soporte: VHS - Norma: Pal N - Color: Si - Grabación DRD 2000 - Hitachi=4485 
110 2 |a Mundo Ole. 
082 9 6 |/ HBO 
653 |a HISTORIA 
653 |a CUBA 
653 |a CASTRO, FIDEL 
653 |a POLITICA 
653 |a BIOGRAFIAS 
653 |a NIVEL PRIMARIO 
653 |a NIVEL SECUNDARIO 
859 |a CEMS  |b BIB. CEMS - Depto. Recursos Didacticos  |h 968  |i HBO  |k DRD  |p 1166.12  |t Ej.1